Capital gains tax: simplification (Record no. 68883)

MARC details
000 -LEADER
fixed length control field 00710cam a2200193 4500
001 - CONTROL NUMBER
control field WB3744-32
008 - FIXED-LENGTH DATA ELEMENTS--GENERAL INFORMATION
fixed length control field 011121n2001 000 0 eng u
035 ## - SYSTEM CONTROL NUMBER
System control number (Sirsi) u115660
245 ## - TITLE STATEMENT
Title Capital gains tax: simplification
260 ## - PUBLICATION, DISTRIBUTION, ETC.
Date of publication, distribution, etc. 2001
490 ## - SERIES STATEMENT
Series statement Inland Revenue Press Release
Volume/sequential designation (113/01) 15 November 2001, (2)
520 ## - SUMMARY, ETC.
Summary, etc. Paymaster General Dawn Primarolo announces that more assets are to qualify for business assets taper relief and Capital Gains tax will be simplified. More details are available from http://www.inlandrevenue.gov.uk
590 ## - LOCAL NOTE (RLIN)
Local note WB
650 ## - SUBJECT ADDED ENTRY--TOPICAL TERM
Topical term or geographic name entry element CAPITAL GAINS TAX
650 ## - SUBJECT ADDED ENTRY--TOPICAL TERM
Topical term or geographic name entry element TAXATION OF CHARGEABLE GAINS ACT 1992
650 ## - SUBJECT ADDED ENTRY--TOPICAL TERM
Topical term or geographic name entry element CGT
690 ## - LOCAL SUBJECT ADDED ENTRY--TOPICAL TERM (OCLC, RLIN)
Topical term or geographic name as entry element TAXATION
942 ## - ADDED ENTRY ELEMENTS (KOHA)
Suppress in OPAC 0
Holdings
Withdrawn status Lost status Source of classification or shelving scheme Damaged status Not for loan Home library Current library Shelving location Date acquired Total Checkouts Full call number Barcode Date last seen Copy number Price effective from Koha item type
    Dewey Decimal Classification     London London Books 26/11/2001   WB3744-32 115660-1001 06/08/2019 1 06/08/2019 Book